Szczegóły MARC21

Będę pierwszoklasistą : zbiór ćwiczeń dla dzieci sześcioletnich

005 -DATA I CZAS OSTATNIEJ MODYFIKACJI [,]
    • @
    • pole kontrolne
    • 20070223103014.0
020 -Międzynarod. znormalizowany nr książki - ISBN [ , ]
    • a
    • Numer ISBN
    • 8385986251 Find
040 -Instytucja sporządzająca opis [ , ]
    • d
    • Instytucja, która zmodyfikowała rekord (P)
    • SZCZ U/OG
041 -Język dokumentu [0, ]
    • a
    • Język tekstu (P)
    • polski
044 -Kraj miejsca wydania [ , ]
    • a
    • Kraj miejsca wydania
    • Polska
942 -Rodzaj dokumentu [ , ]
    • c
    • Rodzaj dokumentu
    • Książka
100 -Hasło główne - nazwa osobowa [1, ]
    • a
    • Nazwa osobowa (NP)
    • SOBECKA, URSZULA
245 -Strefa tytułu i oznaczenia odpowiedzialności [1,0]
    • a
    • Tytuł
    • Będę pierwszoklasistą Find
    • b
    • Ciąg dalszy tytułu (NP)
    • : zbiór ćwiczeń dla dzieci sześcioletnich Find
    • c
    • Pozostałe elementy strefy tytułu i oznaczenia odpowiedzialności (NP)
    • Urszula Sobecka, Małgorzata Grabowska
250 -Strefa wydania [ , ]
    • a
    • Oznaczenie wydania (NP)
    • Wyd. 4.
260 -Strefa adresu wydawniczego [ , ]
    • a
    • Miejsce wydania (P)
    • Warszawa
    • b
    • Nazwa wydawcy (P)
    • Wydaw. Oświatowe "Elsa"
    • c
    • Data wydania (P)
    • [199?]
300 -Strefa opisu fizycznego [ , ]
    • a
    • Określenie formy książki i/lub objętość (NP)
    • 50 s.
    • b
    • Oznaczenie ilustracji (NP)
    • il.
    • c
    • Format (NP)
    • 30 cm.
440 -Strefa serii i książki wielotomowej - forma do wyszukiwania [ ,0]
    • a
    • Tytuł (NP)
    • "Będę..." Find
500 -Uwaga ogólna [ , ]
    • a
    • Uwaga ogólna (NP)
    • Tyt. okł.
080 -Uniwersalna Klasyfikacja Dziesiętna [ , ]
    • 2
    • Identyfikator wydania tablic
    • UDC-P022
    • a
    • Symbol klasyfikacji
    • 811.162.1
    • b
    • Dopowiedzenie
    • Język polski.
    • x
    • Poddział wspólny
    • (075.2)
    • b
    • Dopowiedzenie
    • (Podręczniki dla szkół podstawowych. Elementarze).
    • x
    • Poddział wspólny
    • (076)
    • b
    • Dopowiedzenie
    • (Materiały do ćwiczeń praktycznych. Zadania. Pytania i rozwiązania. Teksty programowane).
080 -Uniwersalna Klasyfikacja Dziesiętna [ , ]
    • 2
    • Identyfikator wydania tablic
    • UDC-P022
    • a
    • Symbol klasyfikacji
    • 51
    • b
    • Dopowiedzenie
    • Matematyka. Nauki przyrodnicze.
    • x
    • Poddział wspólny
    • (075.2)
    • b
    • Dopowiedzenie
    • (Podręczniki dla szkół podstawowych. Elementarze).
    • x
    • Poddział wspólny
    • (076)
    • b
    • Dopowiedzenie
    • (Materiały do ćwiczeń praktycznych. Zadania. Pytania i rozwiązania. Teksty programowane).
980 -Symbol UKD [ , ]
    • a
    • UKD
    • 811.162.1+51](075.2)(076)
700 -Hasło dodatkowe - nazwa osobowa [1, ]
    • a
    • Nazwa osobowa (NP)
    • Grabowska, Małgorzata. Find
920 -ISBN [ , ]
    • a
    • ISBN
    • 83-85986-25-1 Find
Numer inwentarzowy Data inwentaryzacji Status udost. Lokalizacja
Pd.177692006-06-021BG